[Event "Titled Tuesday intern op 14th Mar Late"]
[Site "Chess.com INT"]
[Date "2023.03.14"]
[Round "1"]
[White "Martynov, Pavel"]
[Black "Gallegos, Carlos"]
[Result "0-1"]
[WhiteElo "2414"]
[BlackElo "2374"]
[PlyCount "66"]
[EventDate "2023.03.14"]
[EventType "swiss (blitz)"]
[EventRounds "11"]
[EventCountry "USA"]
[SourceTitle "EXT 2024"]
[Source "ChessBase"]
[SourceDate "2023.10.10"]
[SourceVersion "1"]
[SourceVersionDate "2023.10.10"]
[SourceQuality "1"]

1. e4 d6 2. d4 Nf6 3. Nc3 c6 4. g3 Qa5 5. Bg2 e5 6. Nge2 Be7 7. 0-0 0-0 8. h3 Re8 9. Be3 Nbd7 10. g4 b5 11. a3 Bb7 12. Ng3 h6 13. Nf5 Bf8 14. f4 exf4 15. Bxf4 Qc7 16. Qd3 a5 17. Qg3 b4 18. Nxd6 Bxd6 19. Bxd6 Qb6 20. axb4 axb4 21. Ne2 Rxa1 22. Rxa1 Nxe4 23. Bxe4 Rxe4 24. Qd3 Rxe2 25. Bc5 Nxc5 26. Qxe2 Ne6 27. c3 bxc3 28. bxc3 c5 29. dxc5 Qc6 30. Kh2 Qc7+ 31. Kg1 Qg3+ 32. Kf1 Qxh3+ 33. Ke1 Qxc3+ 0-1

[Event "Titled Tuesday intern op 7th Mar Late"]
[Site "Chess.com INT"]
[Date "2023.03.07"]
[Round "4"]
[White "Martynov, Pavel"]
[Black "Martinez Martin, David"]
[Result "1-0"]
[WhiteElo "2414"]
[BlackElo "2385"]
[PlyCount "83"]
[EventDate "2023.03.07"]
[EventType "swiss (blitz)"]
[EventRounds "11"]
[EventCountry "USA"]
[SourceTitle "EXT 2024"]
[Source "ChessBase"]
[SourceDate "2023.10.10"]
[SourceVersion "1"]
[SourceVersionDate "2023.10.10"]
[SourceQuality "1"]

1. e4 c5 2. Nf3 d6 3. Bb5+ Nd7 4. 0-0 a6 5. Bxd7+ Bxd7 6. c3 Bc6 7. Re1 Nf6 8. d4 cxd4 9. cxd4 Bxe4 10. Bg5 Bxf3 11. Qxf3 Qb6 12. Bxf6 gxf6 13. Qxf6 Qxb2 14. Qxh8 Qxa1 15. Qxh7 Qxd4 16. Qc2 Qc5 17. Qe4 Qc6 18. Qf4 Rc8 19. h4 Qc4 20. Qxd6 Qxh4 21. Qb6 Qc4 22. Nd2 Qc6 23. Qb3 b5 24. Ne4 Bg7 25. Ng5 Qc4 26. Qa3 Bf6 27. Ne4 Qc6 28. Nd6+ Kf8 29. Nxc8 Qxc8 30. g3 Qc3 31. Qxc3 Bxc3 32. Rc1 b4 33. Rd1 a5 34. Rd8+ Kg7 35. Ra8 e6 36. Kf1 Kf6 37. Ke2 e5 38. Rxa5 Kf5 39. Rb5 f6 40. f3 Ke6 41. Kd3 f5 42. a4 1-0

[Event "Titled Tuesday intern op 28th Feb Late"]
[Site "Chess.com INT"]
[Date "2023.02.28"]
[Round "3"]
[White "Deac, Bogdan Daniel"]
[Black "Martynov, Pavel"]
[Result "1-0"]
[WhiteElo "2700"]
[BlackElo "2414"]
[PlyCount "71"]
[EventDate "2023.02.28"]
[EventType "swiss (blitz)"]
[EventRounds "11"]
[EventCountry "USA"]
[SourceTitle "CBM 213 Extra"]
[Source "ChessBase"]
[SourceDate "2023.05.31"]
[SourceVersion "1"]
[SourceVersionDate "2023.05.31"]
[SourceQuality "1"]

1. b3 e6 2. Bb2 d5 3. Nf3 c5 4. e3 Nc6 5. Bb5 Bd7 6. 0-0 Nf6 7. d3 Bd6 8. Bxc6 Bxc6 9. Ne5 Rc8 10. f4 0-0 11. Nd2 Nd7 12. Nxc6 Rxc6 13. Qg4 Nf6 14. Qg3 Qe7 15. c4 Ne8 16. Qf3 Nc7 17. e4 dxe4 18. dxe4 e5 19. f5 Ne8 20. Nb1 Nf6 21. Bc1 b5 22. cxb5 Rb6 23. Nc3 h6 24. g4 c4 25. g5 hxg5 26. Bxg5 cxb3 27. Nd5 Nxd5 28. Bxe7 Nxe7 29. Qxb3 Rfb8 30. a4 Bc5+ 31. Kh1 a6 32. Rac1 Bd4 33. Rc7 R6b7 34. Rxb7 Rxb7 35. f6 gxf6 36. Rxf6 1-0

[Event "Titled Tuesday intern op 28th Feb Early"]
[Site "Chess.com INT"]
[Date "2023.02.28"]
[Round "1"]
[White "Kohler, Aran"]
[Black "Martynov, Pavel"]
[Result "0-1"]
[WhiteElo "2010"]
[BlackElo "2414"]
[PlyCount "76"]
[EventDate "2023.02.28"]
[EventType "swiss (blitz)"]
[EventRounds "11"]
[EventCountry "USA"]
[SourceTitle "CBM 213 Extra"]
[Source "ChessBase"]
[SourceDate "2023.05.31"]
[SourceVersion "1"]
[SourceVersionDate "2023.05.31"]
[SourceQuality "1"]

1. d4 d5 2. Nf3 e6 3. Bf4 c5 4. c3 Nc6 5. e3 Bd6 6. Bg3 Nf6 7. Nbd2 Bxg3 8. hxg3 Qd6 9. Bd3 e5 10. dxe5 Nxe5 11. Nxe5 Qxe5 12. Qc2 h6 13. 0-0-0 Bd7 14. e4 0-0-0 15. f4 Qc7 16. e5 Ng4 17. Nf3 Ne3 18. Qe2 Nxd1 19. Rxd1 Bg4 20. Qc2 Kb8 21. Bf5 h5 22. Bxg4 hxg4 23. Nh4 g6 24. Qe2 d4 25. c4 d3 26. Rxd3 Rxd3 27. Qxd3 Rd8 28. Qe2 Qa5 29. a3 Qa4 30. e6 fxe6 31. Nxg6 Qb3 32. Ne5 Qxg3 33. Qxg4 Qe1+ 34. Kc2 Rd2+ 35. Kb3 Qe3+ 36. Ka2 a6 37. Qg8+ Ka7 38. Qd8 Rxd8 0-1

[Event "Titled Tuesday intern op 28th Feb Early"]
[Site "Chess.com INT"]
[Date "2023.02.28"]
[Round "3"]
[White "Martynov, Pavel"]
[Black "Estrada Nieto, Julian"]
[Result "1-0"]
[WhiteElo "2414"]
[BlackElo "2248"]
[PlyCount "67"]
[EventDate "2023.02.28"]
[EventType "swiss (blitz)"]
[EventRounds "11"]
[EventCountry "USA"]
[SourceTitle "CBM 213 Extra"]
[Source "ChessBase"]
[SourceDate "2023.05.31"]
[SourceVersion "1"]
[SourceVersionDate "2023.05.31"]
[SourceQuality "1"]

1. e4 e5 2. Nf3 Nc6 3. Bb5 a6 4. Ba4 Nf6 5. d3 d6 6. c3 g6 7. Nbd2 Bg7 8. Nf1 0-0 9. h3 b5 10. Bc2 Bb7 11. Bg5 h6 12. Be3 d5 13. Ng3 b4 14. 0-0 bxc3 15. bxc3 dxe4 16. dxe4 Qxd1 17. Rfxd1 Na5 18. Nxe5 Nxe4 19. Bxe4 Bxe4 20. Nd7 Bxc3 21. Nxe4 Bxa1 22. Nxf8 Kxf8 23. Rxa1 f5 24. Bxh6+ Kf7 25. Nc3 Rd8 26. Rc1 Rd3 27. Na4 c6 28. Rc5 Nb7 29. Rxc6 Nd6 30. Nc5 Rd1+ 31. Kh2 Nc4 32. Rxa6 Nb2 33. Ra7+ Kf6 34. Bg7+ 1-0

[Event "Titled Tuesday intern op 28th Feb Early"]
[Site "Chess.com INT"]
[Date "2023.02.28"]
[Round "8"]
[White "Sreyas, Payyappat"]
[Black "Martynov, Pavel"]
[Result "0-1"]
[WhiteElo "2105"]
[BlackElo "2414"]
[PlyCount "38"]
[EventDate "2023.02.28"]
[EventType "swiss (blitz)"]
[EventRounds "11"]
[EventCountry "USA"]
[SourceTitle "CBM 213 Extra"]
[Source "ChessBase"]
[SourceDate "2023.05.31"]
[SourceVersion "1"]
[SourceVersionDate "2023.05.31"]
[SourceQuality "1"]

1. e4 c5 2. Nf3 e6 3. d4 cxd4 4. Nxd4 Nc6 5. Nc3 Qc7 6. Be3 a6 7. Bd3 Nf6 8. 0-0 Ne5 9. h3 h5 10. f4 Nc4 11. Bxc4 Qxc4 12. e5 Nd5 13. Nxd5 Qxd5 14. b3 b5 15. Rc1 Bb7 16. Qe2 Rc8 17. c4 bxc4 18. bxc4 Qe4 19. Bf2 Qxg2# 0-1

[Event "Titled Tuesday intern op 28th Feb Early"]
[Site "Chess.com INT"]
[Date "2023.02.28"]
[Round "4"]
[White "Yilmaz, Mustafa"]
[Black "Martynov, Pavel"]
[Result "0-1"]
[WhiteElo "2629"]
[BlackElo "2414"]
[PlyCount "104"]
[EventDate "2023.02.28"]
[EventType "swiss (blitz)"]
[EventRounds "11"]
[EventCountry "USA"]
[SourceTitle "CBM 213 Extra"]
[Source "ChessBase"]
[SourceDate "2023.05.31"]
[SourceVersion "1"]
[SourceVersionDate "2023.05.31"]
[SourceQuality "1"]

1. d4 d5 2. c4 e6 3. Nc3 c5 4. cxd5 exd5 5. dxc5 d4 6. Na4 b5 7. cxb6 axb6 8. b3 b5 9. Nb2 Nf6 10. e3 Nc6 11. Nf3 Bb4+ 12. Bd2 Bxd2+ 13. Qxd2 dxe3 14. Qxd8+ Kxd8 15. Bxb5 Nb4 16. Rd1+ Ke7 17. a4 Be6 18. Nc4 exf2+ 19. Kxf2 Ne4+ 20. Ke3 Nc3 21. Rc1 Nxb5 22. axb5 Rhb8 23. Nd4 Ra2 24. Ne5 Nd5+ 25. Kf3 Rb7 26. Rhe1 Nc7 27. Rc5 Kf6 28. Nc4 Bd5+ 29. Ke3 Bxg2 30. Rg1 Nd5+ 31. Kd3 Nf4+ 32. Kc3 Nd5+ 33. Kd3 Nf4+ 34. Kc3 Nd5+ 35. Rxd5 Bxd5 36. Kb4 g6 37. Rf1+ Kg7 38. Kc5 Bg2 39. Re1 h5 40. b6 Rd7 41. Nb5 h4 42. Nbd6 Rc2 43. Ne8+ Kh6 44. Nf6 Rd3 45. Ng4+ Kg5 46. Nge3 Rf2 47. Nxg2 Rxg2 48. b4 Rd7 49. Ne5 Rc2+ 50. Kb5 Rd5+ 51. Ka6 Rb2 52. Nc6 Rd6 0-1

[Event "Titled Tuesday intern op 21st Feb Early"]
[Site "Chess.com INT"]
[Date "2023.02.21"]
[Round "5"]
[White "Devaev, Alexander"]
[Black "Martynov, Pavel"]
[Result "0-1"]
[WhiteElo "2325"]
[BlackElo "2414"]
[PlyCount "70"]
[EventDate "2023.02.21"]
[EventType "swiss (blitz)"]
[EventRounds "11"]
[EventCountry "USA"]
[SourceTitle "CBM 212 Extra"]
[Source "ChessBase"]
[SourceDate "2023.03.31"]
[SourceVersion "1"]
[SourceVersionDate "2023.03.31"]
[SourceQuality "1"]

1. d4 d5 2. c4 e6 3. Nc3 c5 4. cxd5 exd5 5. Nf3 Nc6 6. e3 Nf6 7. Bb5 Bd6 8. dxc5 Bxc5 9. 0-0 0-0 10. b3 Bg4 11. Bxc6 bxc6 12. Ne2 Qd6 13. Bb2 Rfe8 14. Qd3 Bb6 15. Ng3 Ne4 16. Rad1 Qh6 17. Rc1 Nxf2 18. Rxf2 Bxe3 19. Rcf1 Bxf3 20. gxf3 Bxf2+ 21. Rxf2 Re1+ 22. Kg2 Rae8 23. Qa6 R8e7 24. Qc8+ Re8 25. Qg4 Qg6 26. Qd4 h5 27. h4 Rb1 28. Kh2 Ree1 29. Rg2 f6 30. Qxa7 Kh7 31. Qf2 Qd3 32. Qc2 Qxc2 33. Rxc2 Re3 34. Kg2 c5 35. Ba3 c4 0-1

[Event "Titled Tuesday intern op 21st Feb Late"]
[Site "Chess.com INT"]
[Date "2023.02.21"]
[Round "9"]
[White "Hambleton, Aman"]
[Black "Martynov, Pavel"]
[Result "0-1"]
[WhiteElo "2420"]
[BlackElo "2414"]
[PlyCount "74"]
[EventDate "2023.02.21"]
[EventType "swiss (blitz)"]
[EventRounds "11"]
[EventCountry "USA"]
[SourceTitle "CBM 212 Extra"]
[Source "ChessBase"]
[SourceDate "2023.03.31"]
[SourceVersion "1"]
[SourceVersionDate "2023.03.31"]
[SourceQuality "1"]

1. d4 d5 2. Bf4 e6 3. e3 Bd6 4. Nd2 Nd7 5. Ngf3 Ngf6 6. Bd3 Qe7 7. Ne5 0-0 8. 0-0 c5 9. c3 cxd4 10. exd4 a6 11. Re1 Bb8 12. Ndf3 h6 13. Qd2 Re8 14. Bxh6 gxh6 15. Qxh6 Qf8 16. Qh4 Qg7 17. Re3 Nf8 18. Ng5 Ng6 19. Bxg6 fxg6 20. Ngf7 Nh5 21. g4 Bxe5 22. Nxe5 Qf6 23. Qh3 Nf4 24. Qg3 g5 25. Rae1 Kg7 26. Rf3 Rf8 27. h4 gxh4 28. Qh2 Qg5 29. Kh1 b5 30. Rfe3 Ra7 31. Nf3 Qh6 32. Re5 Raf7 33. Rg5+ Ng6 34. Ne5 Qxg5 35. f4 Qxf4 36. Nxg6 Qxh2+ 37. Kxh2 Kxg6 0-1

[Event "Titled Tuesday intern op 21st Feb Late"]
[Site "Chess.com INT"]
[Date "2023.02.21"]
[Round "1"]
[White "Martynov, Pavel"]
[Black "Wang, Alexander J"]
[Result "1-0"]
[WhiteElo "2414"]
[BlackElo "1815"]
[PlyCount "75"]
[EventDate "2023.02.21"]
[EventType "swiss (blitz)"]
[EventRounds "11"]
[EventCountry "USA"]
[SourceTitle "CBM 212 Extra"]
[Source "ChessBase"]
[SourceDate "2023.03.31"]
[SourceVersion "1"]
[SourceVersionDate "2023.03.31"]
[SourceQuality "1"]

1. e4 c5 2. Nf3 d6 3. Bb5+ Bd7 4. Bxd7+ Qxd7 5. 0-0 Nc6 6. c3 Nf6 7. d4 g6 8. d5 Ne5 9. Nxe5 dxe5 10. Nd2 Bg7 11. Re1 0-0 12. Nc4 Qc7 13. a4 Nd7 14. Bg5 Bf6 15. Bh6 Bg7 16. Bg5 Bf6 17. Be3 a6 18. Qb3 Rab8 19. a5 Rfd8 20. Ra4 b5 21. axb6 Nxb6 22. Nxb6 Rxb6 23. Qa2 Rdb8 24. Re2 Ra8 25. Rc4 Rb5 26. b4 Rab8 27. Rxc5 Rxc5 28. Bxc5 Qb7 29. g3 Bg5 30. Qa4 Qb5 31. Qxb5 axb5 32. Ra2 e6 33. d6 Rd8 34. Ra5 Bd2 35. Rxb5 Bxc3 36. Rb7 Bd4 37. d7 f5 38. Be7 1-0

[Event "Titled Tuesday intern op 14th Feb Late"]
[Site "Chess.com INT"]
[Date "2023.02.14"]
[Round "3"]
[White "Martynov, Pavel"]
[Black "Haszon, David"]
[Result "1-0"]
[WhiteElo "2414"]
[BlackElo "2291"]
[PlyCount "89"]
[EventDate "2023.02.14"]
[EventType "swiss (blitz)"]
[EventRounds "11"]
[EventCountry "USA"]
[SourceTitle "CBM 212 Extra"]
[Source "ChessBase"]
[SourceDate "2023.03.31"]
[SourceVersion "1"]
[SourceVersionDate "2023.03.31"]
[SourceQuality "1"]

1. e4 c5 2. Nf3 Nc6 3. Bb5 g6 4. 0-0 Bg7 5. Re1 e5 6. c3 Nge7 7. Na3 a6 8. Bf1 0-0 9. Nc2 d5 10. exd5 Nxd5 11. h3 Re8 12. d3 b5 13. d4 exd4 14. Rxe8+ Qxe8 15. cxd4 c4 16. a4 Bb7 17. Ne3 Nxe3 18. Bxe3 Nb4 19. Ne5 Nd5 20. axb5 Nxe3 21. fxe3 Bxe5 22. bxa6 Rxa6 23. Rxa6 Bxa6 24. dxe5 Qxe5 25. Qd4 Qe6 26. e4 h5 27. Be2 Kh7 28. Kf2 Bb5 29. b3 Bc6 30. Bxc4 Qe7 31. Bd5 Bb5 32. Qe3 Qh4+ 33. Qg3 Qf6+ 34. Qf3 Qb2+ 35. Kg3 Qe5+ 36. Kf2 Qb2+ 37. Kg3 Qc1 38. Qxf7+ Kh6 39. Qf4+ Qxf4+ 40. Kxf4 g5+ 41. Kf5 Bd7+ 42. Kf6 g4 43. hxg4 Bxg4 44. g3 Kh7 45. e5 1-0

[Event "Titled Tuesday intern op 07th Feb Early"]
[Site "Chess.com INT"]
[Date "2023.02.07"]
[Round "8"]
[White "Martynov, Pavel"]
[Black "Aarav, Dengla"]
[Result "1/2-1/2"]
[WhiteElo "2414"]
[BlackElo "2359"]
[PlyCount "61"]
[EventDate "2023.02.07"]
[EventType "swiss (blitz)"]
[EventRounds "11"]
[EventCountry "USA"]
[SourceTitle "EXT 2024"]
[Source "ChessBase"]
[SourceDate "2023.10.10"]
[SourceVersion "1"]
[SourceVersionDate "2023.10.10"]
[SourceQuality "1"]

1. e4 c5 2. Nf3 d6 3. Bb5+ Nd7 4. 0-0 a6 5. Bxd7+ Bxd7 6. c3 Nf6 7. Re1 e6 8. d4 cxd4 9. cxd4 Be7 10. Nc3 0-0 11. e5 Nd5 12. Nxd5 exd5 13. Qb3 Bc6 14. Bf4 dxe5 15. Nxe5 Bd6 16. Rac1 Rc8 17. Qg3 Bxe5 18. Bxe5 f6 19. Bd6 Re8 20. h4 Qd7 21. h5 Qf5 22. h6 Qg6 23. hxg7 Qxg3 24. Bxg3 Kxg7 25. f3 Kg6 26. Kf2 h5 27. Bd6 Kf5 28. Rh1 Kg6 29. Rhe1 Kf5 30. Rh1 Kg6 31. Rhe1 1/2-1/2